[Event "XtraCon-Skakligaen"]
[Site "Denmark"]
[Date "2010.01.31"]
[Round "6.2"]
[White "Olsen, Nils Linde"]
[Black "Andreasen, Per Naesby"]
[Result "1/2-1/2"]
[WhiteElo "2256"]
[BlackElo "2230"]
[PlyCount "20"]
[EventDate "2009.11.07"]
[EventType "team-tourn"]
[EventRounds "9"]
[WhiteTeam "Naestved"]
[BlackTeam "Norresundby"]
[WhiteTeamCountry "DEN"]
[BlackTeamCountry "DEN"]

1. Nf3 g6 2. g3 Bg7 3. Bg2 Nf6 4. d4 O-O 5. c4 d6 6. O-O c6 7. Nc3 a6 8. d5
cxd5 9. cxd5 b5 10. Nd4 Bb7 1/2-1/2

[Event "XtraCon-Skakligaen"]
[Site "Denmark"]
[Date "2010.01.31"]
[Round "6.3"]
[White "Jorgensen, Jorgen"]
[Black "Hansen, Evgenia Peicheva"]
[Result "1-0"]
[WhiteElo "2315"]
[BlackElo "2164"]
[PlyCount "139"]
[EventDate "2009.11.07"]
[EventType "team-tourn"]
[EventRounds "9"]
[WhiteTeam "Norresundby"]
[BlackTeam "Naestved"]
[WhiteTeamCountry "DEN"]
[BlackTeamCountry "DEN"]

1. Nf3 Nf6 2. g3 g6 3. Bg2 Bg7 4. c4 c5 5. O-O Nc6 6. d4 cxd4 7. Nxd4 O-O 8.
Nc3 Nxd4 9. Qxd4 d6 10. Qh4 Rb8 11. h3 a6 12. Be3 Be6 13. Rfd1 Qa5 14. Nd5 Bxd5
15. cxd5 Rbc8 16. a4 Rc2 17. b4 Qc7 18. Rac1 Rc8 19. Rxc2 Qxc2 20. Rc1 Qf5 21.
Rxc8+ Qxc8 22. a5 Qc2 23. Bf3 h5 24. Kg2 Qb3 25. Bd4 Qa4 26. Bb6 Qb5 27. Bd8
Kf8 28. Qd4 Ke8 29. Bb6 Kf8 30. Qc3 Qd7 31. Qc4 Bh6 32. e3 Bg7 33. e4 Nh7 34.
h4 Nf6 35. Be2 Ng4 36. b5 axb5 37. Qxb5 Nf6 38. Qc4 Bh6 39. Bd1 e6 40. dxe6
Qxe6 41. Qc7 Qd7 42. Bf3 Qxc7 43. Bxc7 Ne8 44. Bd8 Bd2 45. e5 dxe5 46. Bxb7 Bc3
47. Bb6 Bxa5 48. Bxa5 Ke7 49. Bb4+ Ke6 50. Bc8+ Kd5 51. Bd7 Nc7 52. Ba5 Na6 53.
Be8 Ke6 54. Bb6 Nb4 55. Bb5 Kf6 56. Kf3 Nd5 57. Bd8+ Kg7 58. Bc4 Nb4 59. Bb5
Nd5 60. Ba5 f5 61. Ke2 Kh6 62. Kd3 Nf6 63. Bc7 e4+ 64. Kd4 Ng4 65. Bf4+ Kg7 66.
Be3 Kf6 67. Kd5 Nh2 68. Be2 Ke7 69. Ke5 Kf7 70. Bg5 1-0

[Event "XtraCon-Skakligaen"]
[Site "Denmark"]
[Date "2010.01.31"]
[Round "6.4"]
[White "Schyberg, Brian"]
[Black "Sorensen, Bent"]
[Result "1/2-1/2"]
[WhiteElo "2126"]
[BlackElo "2240"]
[PlyCount "125"]
[EventDate "2009.11.07"]
[EventType "team-tourn"]
[EventRounds "9"]
[WhiteTeam "Naestved"]
[BlackTeam "Norresundby"]
[WhiteTeamCountry "DEN"]
[BlackTeamCountry "DEN"]

1. d4 Nf6 2. Nf3 d5 3. c4 e6 4. g3 dxc4 5. Bg2 a6 6. O-O Be7 7. Nc3 O-O 8. Ne5
Nd5 9. Nxc4 b5 10. Nxd5 exd5 11. Ne5 Bb7 12. Be3 Nd7 13. Nd3 Bd6 14. Rc1 c6 15.
Bf4 Bxf4 16. Nxf4 a5 17. Nd3 Qf6 18. e3 Rfc8 19. Rc2 Nb6 20. Qg4 Rc7 21. Rfc1
Rd8 22. Nf4 Bc8 23. Qe2 Bf5 24. Rc5 Rcc8 25. Qe1 g5 26. e4 gxf4 27. exf5 Nc4
28. b3 Qxd4 29. bxc4 Qxc5 30. cxd5 Qd4 31. dxc6 b4 32. Qe7 Qd6 33. Qg5+ Kh8 34.
f6 Rg8 35. Qf5 fxg3 36. hxg3 Qd2 37. Rf1 Qg5 38. Qf3 Rg6 39. Qd3 Qxf6 40. Rd1
Qc3 41. Qd7 Rgxc6 42. Bxc6 Qxc6 43. Qxf7 Qh6 44. Kg2 Qc6+ 45. Kg1 Qh6 46. Qf5
Rc1 47. Rxc1 Qxc1+ 48. Kg2 Qc6+ 49. f3 Qa8 50. Kh2 Kg8 51. f4 Qa6 52. Qd5+ Kg7
53. Qg5+ Kf7 54. Qh5+ Kg7 55. Qe5+ Kf7 56. Qd5+ Kg7 57. Qe5+ Kf7 58. Qf5+ Kg7
59. Qd7+ Kf6 60. Qd4+ Kf7 61. Qd7+ Kf6 62. Qd8+ Kf7 63. Qd5+ 1/2-1/2

[Event "XtraCon-Skakligaen"]
[Site "Denmark"]
[Date "2010.01.31"]
[Round "6.5"]
[White "Kolbak, Jens"]
[Black "Hansen, Martin"]
[Result "1-0"]
[WhiteElo "2344"]
[BlackElo "2082"]
[PlyCount "151"]
[EventDate "2009.11.07"]
[EventType "team-tourn"]
[EventRounds "9"]
[WhiteTeam "Norresundby"]
[BlackTeam "Naestved"]
[WhiteTeamCountry "DEN"]
[BlackTeamCountry "DEN"]

1. f4 d5 2. Nf3 g6 3. e3 Bg7 4. Be2 Nf6 5. O-O c5 6. Qe1 Nc6 7. d3 O-O 8. Nbd2
Qc7 9. Qh4 Nb4 10. Ne1 b6 11. Ndf3 Ba6 12. Rf2 c4 13. Bf1 Rac8 14. Bd2 Nc6 15.
Bc3 b5 16. a3 Bb7 17. Nd4 Nxd4 18. Bxd4 a5 19. Nf3 Ne8 20. Ng5 h6 21. Bxg7 Kxg7
22. Nf3 Nd6 23. g4 Rh8 24. Nd4 Qd7 25. Be2 b4 26. axb4 axb4 27. b3 c3 28. f5 g5
29. Qg3 Ne8 30. Rff1 Ra8 31. Rxa8 Bxa8 32. Ra1 Nf6 33. Ra4 Qb7 34. Ra5 Rc8 35.
Rb5 Qa6 36. Rxb4 Qa1+ 37. Kf2 Bc6 38. Rb6 Bd7 39. Qe5 Qc1 40. h3 Kf8 41. Rb7
Ke8 42. Rb8 Qa3 43. Rxc8+ Bxc8 44. Qc7 Qa8 45. Qxc3 Qb8 46. Nf3 h5 47. Qe5 Qb6
48. Nxg5 hxg4 49. hxg4 Qb4 50. Qf4 Qc3 51. Nf3 Qxc2 52. Nd4 Qc1 53. g5 Nd7 54.
b4 Qc3 55. g6 fxg6 56. fxg6 Nf6 57. b5 Qd2 58. Nf5 d4 59. Nxd4 Ng4+ 60. Kf3 Qe1
61. Qf7+ Kd7 62. Kxg4 Kd6+ 63. Nf5+ Bxf5+ 64. Kxf5 Qxe2 65. Qe6+ Kc5 66. Qxe7+
Kxb5 67. Qe5+ Kb4 68. Qe4+ Kc5 69. Kf6 Kb6 70. g7 Qf1+ 71. Qf5 Qg1 72. Qe6+ Kc7
73. g8=Q Qa1+ 74. d4 Qf1+ 75. Qf5 Qa6+ 76. Qge6 1-0

[Event "XtraCon-Skakligaen"]
[Site "Denmark"]
[Date "2010.01.31"]
[Round "6.6"]
[White "Pedersen, Dimon Paul"]
[Black "Pedersen, Svend"]
[Result "0-1"]
[WhiteElo "2085"]
[BlackElo "2253"]
[PlyCount "82"]
[EventDate "2009.11.07"]
[EventType "team-tourn"]
[EventRounds "9"]
[WhiteTeam "Naestved"]
[BlackTeam "Norresundby"]
[WhiteTeamCountry "DEN"]
[BlackTeamCountry "DEN"]

1. c4 e5 2. g3 Nc6 3. Bg2 g6 4. Nc3 Bg7 5. e4 d6 6. Nge2 Nh6 7. d3 O-O 8. O-O
f5 9. f3 Be6 10. Nd5 Qd7 11. Be3 Nd4 12. Nxd4 exd4 13. Bd2 fxe4 14. dxe4 Nf7
15. b3 Ne5 16. Nf4 Bf7 17. Bh3 Qd8 18. Kg2 Re8 19. Qe2 g5 20. Nd5 c6 21. Bxg5
Qxg5 22. Nc7 Qe7 23. Nxa8 Rxa8 24. f4 Nd7 25. Rae1 Re8 26. Bg4 a6 27. Bf3 Nc5
28. g4 Bg6 29. b4 Nd7 30. g5 Bf7 31. h4 b5 32. cxb5 axb5 33. Rf2 Bc4 34. Qd2 d3
35. Bg4 Bd4 36. Rff1 Ra8 37. Kg3 Rxa2 38. Qd1 Ne5 39. fxe5 Qxe5+ 40. Kf3 Qh2
41. Bd7 Rg2 0-1

[Event "XtraCon-Skakligaen"]
[Site "Denmark"]
[Date "2010.01.31"]
[Round "6.7"]
[White "Christiansen, Jens Jorgen"]
[Black "Preuss, Flemming"]
[Result "1/2-1/2"]
[WhiteElo "2197"]
[BlackElo "2056"]
[PlyCount "44"]
[EventDate "2009.11.07"]
[EventType "team-tourn"]
[EventRounds "9"]
[WhiteTeam "Norresundby"]
[BlackTeam "Naestved"]
[WhiteTeamCountry "DEN"]
[BlackTeamCountry "DEN"]

1. d4 d6 2. e4 Nf6 3. Bd3 e5 4. c3 Be7 5. Nf3 Nbd7 6. O-O O-O 7. Re1 c6 8. a4
b6 9. Nbd2 a6 10. Nc4 Qc7 11. Bg5 Rb8 12. Ne3 Re8 13. Qc2 b5 14. Nf5 Nf8 15.
Nxe7+ Qxe7 16. axb5 axb5 17. dxe5 dxe5 18. h3 h6 19. Be3 g5 20. Ra7 Rb7 21.
Rxb7 Bxb7 22. Nh2 Ng6 1/2-1/2

[Event "XtraCon-Skakligaen"]
[Site "Denmark"]
[Date "2010.01.31"]
[Round "6.8"]
[White "Tudvad, Mads"]
[Black "Nielsen, John Bauneborg"]
[Result "0-1"]
[WhiteElo "1919"]
[BlackElo "2171"]
[PlyCount "54"]
[EventDate "2009.11.07"]
[EventType "team-tourn"]
[EventRounds "9"]
[WhiteTeam "Naestved"]
[BlackTeam "Norresundby"]
[WhiteTeamCountry "DEN"]
[BlackTeamCountry "DEN"]

1. d4 d5 2. Nf3 e6 3. c4 c6 4. Nc3 dxc4 5. a4 Bb4 6. Bd2 b5 7. e3 a5 8. Ne5 Nf6
9. Qf3 Ra6 10. axb5 cxb5 11. Nxb5 Bxd2+ 12. Kxd2 Nbd7 13. Nxd7 Bxd7 14. Qb7 Rc6
15. Qa7 O-O 16. Qxa5 Qb8 17. Kc1 Ne4 18. Nc3 Nxf2 19. Rg1 Qxh2 20. Ne2 Rb8 21.
Ra2 Rcb6 22. g3 Nd3+ 23. Kd2 Bc6 24. Kc3 Rb3+ 25. Kc2 Nb4+ 26. Kd1 Rd3+ 27. Kc1
Qf2 0-1

[Event "XtraCon-Skakligaen"]
[Site "Denmark"]
[Date "2010.01.31"]
[Round "6.1"]
[White "Hellegaard, Carsten"]
[Black "Rasmussen, Allan Stig"]
[Result "1/2-1/2"]
[WhiteElo "2225"]
[BlackElo "2534"]
[PlyCount "71"]
[EventDate "2009.11.07"]
[EventType "team-tourn"]
[EventRounds "9"]
[WhiteTeam "Aalborg"]
[BlackTeam "Jetsmark"]
[WhiteTeamCountry "DEN"]
[BlackTeamCountry "DEN"]

1. d4 d5 2. c4 dxc4 3. Nf3 Nf6 4. e3 e6 5. Bxc4 c5 6. O-O Nc6 7. Qe2 a6 8. a4
Qc7 9. Nc3 Bd7 10. dxc5 Bxc5 11. e4 Ng4 12. g3 Nge5 13. Nxe5 Nxe5 14. Ba2 b6
15. Bf4 f6 16. Rac1 O-O 17. b4 Bxb4 18. Nd5 Qd6 19. Rfd1 exd5 20. Bxd5+ Kh8 21.
Bxa8 Qe6 22. Bd5 Qe8 23. Bxe5 fxe5 24. Bc6 Qe7 25. Rd5 Qf6 26. Rc2 Be6 27. Qxa6
Bxd5 28. Bxd5 Qf3 29. Qe2 Qa3 30. Ra2 Qc3 31. Kg2 Bc5 32. Qd1 g6 33. Rc2 Qa3
34. Ra2 Qc3 35. Rc2 Qa3 36. Ra2 1/2-1/2

[Event "XtraCon-Skakligaen"]
[Site "Denmark"]
[Date "2010.01.31"]
[Round "6.2"]
[White "Glud, Jakob Vang"]
[Black "Hjorth, Torben"]
[Result "1-0"]
[WhiteElo "2481"]
[BlackElo "2165"]
[PlyCount "97"]
[EventDate "2009.11.07"]
[EventType "team-tourn"]
[EventRounds "9"]
[WhiteTeam "Jetsmark"]
[BlackTeam "Aalborg"]
[WhiteTeamCountry "DEN"]
[BlackTeamCountry "DEN"]

1. c4 g6 2. g3 Bg7 3. Bg2 e5 4. Nc3 Nc6 5. e4 d6 6. Nge2 Nh6 7. d3 O-O 8. h4 f6
9. Nd5 Ne7 10. Qb3 c5 11. h5 g5 12. Ne3 Rb8 13. Bd2 f5 14. exf5 Nexf5 15. Nxf5
Bxf5 16. Bd5+ Kh8 17. f3 g4 18. f4 Qe7 19. O-O-O e4 20. Rhe1 exd3 21. Nd4 Qd7
22. Ne6 Bxe6 23. Bxe6 Qc7 24. Qxd3 b5 25. Bc3 bxc4 26. Qxc4 Rbd8 27. Rd5 Bxc3
28. Qxc3+ Qg7 29. Red1 Qxc3+ 30. bxc3 Rf6 31. Rxd6 Rxd6 32. Rxd6 Nf7 33. Ra6
Nd8 34. Bc4 Rxa6 35. Bxa6 Nf7 36. Bc8 Nd6 37. Bxg4 Ne4 38. Kc2 Kg7 39. Kb3 Nxg3
40. Kc4 Ne4 41. a4 Kf6 42. a5 Ke7 43. Kb5 Nxc3+ 44. Kxc5 h6 45. Kc6 Ne4 46. Kb7
Kd6 47. Kxa7 Kc7 48. Ka6 Nd6 49. f5 1-0

[Event "XtraCon-Skakligaen"]
[Site "Denmark"]
[Date "2010.01.31"]
[Round "6.4"]
[White "Baekgaard, Martin"]
[Black "Nielsen, Finn Winther"]
[Result "1-0"]
[WhiteElo "2287"]
[BlackElo "2028"]
[PlyCount "67"]
[EventDate "2009.11.07"]
[EventType "team-tourn"]
[EventRounds "9"]
[WhiteTeam "Jetsmark"]
[BlackTeam "Aalborg"]
[WhiteTeamCountry "DEN"]
[BlackTeamCountry "DEN"]

1. c4 e6 2. g3 c5 3. Bg2 Nc6 4. Nc3 Nf6 5. Nf3 Be7 6. O-O O-O 7. d4 cxd4 8.
Nxd4 Nxd4 9. Qxd4 a6 10. Rd1 Qc7 11. Bf4 Qc5 12. Qxc5 Bxc5 13. Rac1 e5 14. Bg5
Ng4 15. Ne4 Bd4 16. Be7 Re8 17. Bc5 Bxb2 18. Nd6 Rf8 19. Rb1 Bd4 20. Bxd4 exd4
21. Rxd4 Ne5 22. Bd5 Rb8 23. Re4 Nc6 24. Nxf7 g6 25. Nd6+ Kh8 26. Rb6 Na5 27.
e3 Kg7 28. Re7+ Kh6 29. Nf7+ Rxf7 30. Rxf7 d6 31. Rf8 Kg7 32. Rg8+ Kf6 33.
Rxd6+ Ke7 34. Rdd8 1-0

[Event "XtraCon-Skakligaen"]
[Site "Denmark"]
[Date "2010.01.31"]
[Round "6.5"]
[White "Andersen, Soren"]
[Black "Christensen, Stefan"]
[Result "1/2-1/2"]
[WhiteElo "2082"]
[BlackElo "2228"]
[PlyCount "66"]
[EventDate "2009.11.07"]
[EventType "team-tourn"]
[EventRounds "9"]
[WhiteTeam "Aalborg"]
[BlackTeam "Jetsmark"]
[WhiteTeamCountry "DEN"]
[BlackTeamCountry "DEN"]

1. d4 Nf6 2. c4 e6 3. Nc3 Bb4 4. Qc2 O-O 5. a3 Bxc3+ 6. Qxc3 Ne4 7. Qc2 f5 8.
Nh3 d6 9. f3 Nf6 10. e3 e5 11. dxe5 dxe5 12. Be2 a5 13. b3 Nc6 14. O-O Qe7 15.
Nf2 Be6 16. Re1 Nd7 17. Bb2 Nc5 18. Nd3 Nxd3 19. Bxd3 Rad8 20. Rad1 Rd7 21. e4
Rfd8 22. Qc3 Qf8 23. b4 axb4 24. axb4 Nxb4 25. Qxb4 Rxd3 26. Rxd3 Rxd3 27. Bxe5
b6 28. Ra1 Qc5+ 29. Qxc5 bxc5 30. Ra8+ Kf7 31. Ra7 Rd7 32. Rxc7 Rxc7 33. Bxc7
Bd7 1/2-1/2

[Event "XtraCon-Skakligaen"]
[Site "Denmark"]
[Date "2010.01.31"]
[Round "6.6"]
[White "Wiwe, Andreas"]
[Black "Hansen, John Nyholm"]
[Result "1-0"]
[WhiteElo "2239"]
[BlackElo "2089"]
[PlyCount "108"]
[EventDate "2009.11.07"]
[EventType "team-tourn"]
[EventRounds "9"]
[WhiteTeam "Jetsmark"]
[BlackTeam "Aalborg"]
[WhiteTeamCountry "DEN"]
[BlackTeamCountry "DEN"]

1. e4 e5 2. Nf3 Nc6 3. Bb5 a6 4. Ba4 Nf6 5. O-O Be7 6. Re1 b5 7. Bb3 O-O 8. c3
d6 9. h3 Na5 10. Bc2 c5 11. d4 Qc7 12. Nbd2 cxd4 13. cxd4 Nc6 14. Nb3 a5 15.
Be3 a4 16. Nbd2 Bd7 17. Rc1 Qb7 18. Qe2 Rfe8 19. Bd3 Rab8 20. b3 Bd8 21. dxe5
dxe5 22. Rc5 Bb6 23. Rxb5 Nd4 24. Bxd4 exd4 25. Re5 Bc7 26. Rxe8+ Rxe8 27. Nc4
Qa7 28. Qd2 Bc6 29. e5 Bxf3 30. exf6 Rxe1+ 31. Qxe1 Bc6 32. Qe7 Qb7 33. Nd6
Bxd6 34. Qxd6 gxf6 35. Qxf6 Qd7 36. Qh6 f6 37. Qxf6 Qd5 38. f3 Qc5 39. h4 Qc1+
40. Kh2 Qc5 41. Qg5+ Qxg5 42. hxg5 Kg7 43. Kg3 h6 44. gxh6+ Kxh6 45. Kf4 Kh5
46. g4+ Kh4 47. g5 Kh5 48. g6 Kh6 49. Ke5 Bxf3 50. Kxd4 Kg7 51. Bc2 Bc6 52. Kc5
Be8 53. Kb4 Kf6 54. Ka5 Kg7 1-0

[Event "XtraCon-Skakligaen"]
[Site "Denmark"]
[Date "2010.01.31"]
[Round "6.7"]
[White "Sonderstrup, Bjarne"]
[Black "Jensen, Bjarke"]
[Result "0-1"]
[WhiteElo "2094"]
[BlackElo "2253"]
[PlyCount "92"]
[EventDate "2009.11.07"]
[EventType "team-tourn"]
[EventRounds "9"]
[WhiteTeam "Aalborg"]
[BlackTeam "Jetsmark"]
[WhiteTeamCountry "DEN"]
[BlackTeamCountry "DEN"]

1. c4 g6 2. g3 Bg7 3. Bg2 d6 4. Nc3 c6 5. Nf3 Nd7 6. O-O e5 7. Rb1 Ne7 8. d4
O-O 9. e3 Qc7 10. b4 h6 11. Qb3 Kh7 12. Ba3 f5 13. b5 e4 14. Ne1 c5 15. Nc2 b6
16. Rbd1 Bb7 17. d5 Ne5 18. Ne1 Rae8 19. Bb2 Bc8 20. Ne2 g5 21. Bxe5 Bxe5 22.
Qc2 Ng6 23. f3 exf3 24. Nxf3 Bg7 25. Qc1 Qe7 26. Rd3 h5 27. Ra3 Bh6 28. Ne1 h4
29. Nc2 hxg3 30. hxg3 Kg8 31. Qe1 Ne5 32. Ra4 Ng4 33. Ra3 Bg7 34. Bf3 Ne5 35.
Ra4 f4 36. gxf4 gxf4 37. Nxf4 Qg5+ 38. Bg2 Rf6 39. Qd2 Ng4 40. Rxa7 Qh4 41. Rf3
Qh2+ 42. Kf1 Nxe3+ 43. Nxe3 Rxf4 44. Qf2 Rxf3 45. Bxf3 Bh3+ 46. Ke2 Rxe3+ 0-1

[Event "XtraCon-Skakligaen"]
[Site "Denmark"]
[Date "2010.01.31"]
[Round "6.8"]
[White "Rathlev, Jakob"]
[Black "Kovshoj, Sune"]
[Result "1-0"]
[WhiteElo "2237"]
[BlackElo "2037"]
[PlyCount "83"]
[EventDate "2009.11.07"]
[EventType "team-tourn"]
[EventRounds "9"]
[WhiteTeam "Jetsmark"]
[BlackTeam "Aalborg"]
[WhiteTeamCountry "DEN"]
[BlackTeamCountry "DEN"]

1. c4 c5 2. g3 Nc6 3. Bg2 d6 4. Nc3 g6 5. Nf3 Bg7 6. O-O Nf6 7. a3 O-O 8. Rb1
a5 9. Ne1 Bf5 10. d3 Qd7 11. Na4 Rab8 12. Nb6 Qc7 13. Nd5 Nxd5 14. cxd5 Na7 15.
Nc2 Rfc8 16. Ne3 Bd7 17. Bd2 b5 18. Qc2 b4 19. a4 b3 20. Qc1 Bxa4 21. Nc4 Rf8
22. Ra1 Be8 23. Bxa5 Qd7 24. e3 Nc8 25. Qd2 Qb7 26. Ra3 Qb5 27. Rfa1 e6 28. Bc7
Rb7 29. Bxd6 Nxd6 30. Nxd6 Qb4 31. Qe2 Rb8 32. Nc4 exd5 33. Bxd5 Bb5 34. Ra7
Rbd8 35. e4 Rb8 36. R1a3 Bd4 37. Kg2 Kg7 38. Qf3 Be8 39. Rc7 Bxb2 40. Raa7 Bd4
41. Bxf7 Kh8 42. Bd5 1-0

[Event "XtraCon-Skakligaen"]
[Site "Denmark"]
[Date "2010.02.21"]
[Round "7.2"]
[White "Aagaard, Jacob"]
[Black "Matthiesen, Martin"]
[Result "1-0"]
[WhiteElo "2538"]
[BlackElo "2295"]
[PlyCount "89"]
[EventDate "2009.11.07"]
[EventType "team-tourn"]
[EventRounds "9"]
[WhiteTeam "Sydostfyn"]
[BlackTeam "SK1968"]
[WhiteTeamCountry "DEN"]
[BlackTeamCountry "DEN"]

1. e4 e5 2. Nf3 Nf6 3. Nxe5 d6 4. Nf3 Nxe4 5. d4 d5 6. Bd3 Bd6 7. O-O O-O 8. c4
c6 9. Qc2 Bf5 10. Nc3 Na6 11. a3 Re8 12. Re1 Bg4 13. Ne5 Bxe5 14. dxe5 Nac5 15.
Bf1 Bf5 16. b4 Ne6 17. Nxe4 dxe4 18. f4 a5 19. Be3 axb4 20. axb4 Rxa1 21. Rxa1
Nxf4 22. Qf2 g5 23. Ra7 Qe7 24. h4 Bg6 25. hxg5 Nd3 26. Bxd3 exd3 27. Qb2 Qd7
28. Qf2 Qg4 29. Rxb7 Ra8 30. e6 Qxe6 31. Qf4 Re8 32. Rb8 f6 33. Rxe8+ Qxe8 34.
gxf6 Qe6 35. b5 cxb5 36. cxb5 Kf7 37. b6 Be4 38. Bd4 Qc6 39. Qh6 Bg6 40. b7 d2
41. Qg7+ Ke6 42. Qe7+ Kf5 43. Qe5+ Kg4 44. Qe2+ Kh4 45. Bf2+ 1-0

[Event "XtraCon-Skakligaen"]
[Site "Denmark"]
[Date "2010.02.21"]
[Round "7.3"]
[White "Lindfeldt, Jan Magnus"]
[Black "Pedersen, Steffen"]
[Result "0-1"]
[WhiteElo "2237"]
[BlackElo "2428"]
[PlyCount "126"]
[EventDate "2009.11.07"]
[EventType "team-tourn"]
[EventRounds "9"]
[WhiteTeam "SK1968"]
[BlackTeam "Sydostfyn"]
[WhiteTeamCountry "DEN"]
[BlackTeamCountry "DEN"]

1. e4 c6 2. d4 d5 3. Nc3 dxe4 4. Nxe4 Nd7 5. Nf3 Ngf6 6. Nxf6+ Nxf6 7. c3 Bg4
8. h3 Bh5 9. Be2 e6 10. Ne5 Bxe2 11. Qxe2 Bd6 12. O-O O-O 13. Bg5 Be7 14. Rad1
Re8 15. Qf3 Qd5 16. Qf4 Qe4 17. Qc1 h6 18. Rfe1 Qh7 19. Bh4 Rad8 20. Re3 Nd5
21. Bxe7 Nxe3 22. Bxd8 Nxd1 23. Bc7 f6 24. Qxd1 fxe5 25. Bxe5 Qe4 26. Qb3 Re7
27. Qa3 Rd7 28. Qxa7 Qe1+ 29. Kh2 Qxf2 30. Qb8+ Qf8 31. Qa7 Qf5 32. a4 Rf7 33.
Qb8+ Kh7 34. Qe8 Qg6 35. Bg3 Rf5 36. Qd7 Rg5 37. Qd6 Qe4 38. a5 c5 39. dxc5 Rd5
40. Qf4 Qxf4 41. Bxf4 Rxc5 42. g4 Rxa5 43. Kg2 Ra2 44. Bc1 Kg6 45. h4 e5 46.
Kf3 Kf6 47. Ke4 Ke6 48. c4 b5 49. Kd3 bxc4+ 50. Kxc4 Ra1 51. Be3 Rh1 52. h5 Rh4
53. b4 Rxg4+ 54. Kc5 Rg3 55. Bd2 Rd3 56. Be1 Rd1 57. Bg3 Rc1+ 58. Kb6 e4 59.
Bf2 Rc3 60. b5 e3 61. Bh4 e2 62. Ka7 Ra3+ 63. Kb7 Ra1 0-1

[Event "XtraCon-Skakligaen"]
[Site "Denmark"]
[Date "2010.02.21"]
[Round "7.4"]
[White "Nordenbaek, Jan"]
[Black "Hansen, Lars"]
[Result "1/2-1/2"]
[WhiteElo "2210"]
[BlackElo "2209"]
[PlyCount "50"]
[EventDate "2009.11.07"]
[EventType "team-tourn"]
[EventRounds "9"]
[WhiteTeam "Sydostfyn"]
[BlackTeam "SK1968"]
[WhiteTeamCountry "DEN"]
[BlackTeamCountry "DEN"]

1. Nf3 g6 2. c4 Bg7 3. d4 c5 4. e4 cxd4 5. Nxd4 Nc6 6. Nc2 Nf6 7. Nc3 O-O 8.
Be2 b6 9. O-O Bb7 10. f3 Rc8 11. Be3 e6 12. c5 bxc5 13. Bxc5 Re8 14. Nb5 d5 15.
Kh1 Ne5 16. Nd6 Qe7 17. b4 Ned7 18. Nxe8 Nxe8 19. Rb1 Nxc5 20. bxc5 dxe4 21.
fxe4 Bxe4 22. Rb4 Bd5 23. Rbf4 Qxc5 24. Nb4 Rd8 25. Nd3 Qc6 1/2-1/2

[Event "XtraCon-Skakligaen"]
[Site "Denmark"]
[Date "2010.02.21"]
[Round "7.6"]
[White "Nielsen, Niels Peter"]
[Black "Hansen, Bjarne"]
[Result "1/2-1/2"]
[WhiteElo "2184"]
[BlackElo "2248"]
[PlyCount "122"]
[EventDate "2009.11.07"]
[EventType "team-tourn"]
[EventRounds "9"]
[WhiteTeam "Sydostfyn"]
[BlackTeam "SK1968"]
[WhiteTeamCountry "DEN"]
[BlackTeamCountry "DEN"]

1. e4 g6 2. d4 Bg7 3. Nc3 c6 4. Be2 d5 5. e5 h5 6. Nf3 Bg4 7. Ng5 Bxe2 8. Nxe2
e6 9. Qd3 Bh6 10. h4 Bf8 11. Nf4 Ne7 12. Bd2 Qb6 13. Bc3 Nf5 14. O-O-O Qa6 15.
Kb1 Qxd3 16. Nxd3 Be7 17. g3 b6 18. Nf4 Na6 19. Be1 Nc7 20. c3 c5 21. Ng2 cxd4
22. cxd4 a5 23. Nf3 a4 24. a3 b5 25. Ne3 Nxe3 26. fxe3 O-O 27. Rc1 Rfc8 28. Bd2
Ne8 29. Rhe1 Ng7 30. e4 dxe4 31. Rxe4 Nf5 32. Be1 Rab8 33. g4 hxg4 34. Rxg4
Rxc1+ 35. Kxc1 Ne3 36. Rg1 Rc8+ 37. Kb1 Nc2 38. h5 Nxe1 39. Nxe1 Kg7 40. hxg6
fxg6 41. Nd3 g5 42. d5 exd5 43. Nf4 d4 44. Ne6+ Kg6 45. Nxd4 Rc5 46. Re1 b4 47.
axb4 Rc4 48. Nc2 Bxb4 49. Nxb4 Rxb4 50. Ka2 Kf7 51. Ka3 Rd4 52. e6+ Ke7 53. Re5
g4 54. b4 axb3 55. Kxb3 Rd1 56. Kc2 Rd8 57. Rg5 Rd4 58. Kc3 Ra4 59. Rg6 g3 60.
Kd3 Ra2 61. Ke3 Ra1 1/2-1/2

[Event "XtraCon-Skakligaen"]
[Site "Denmark"]
[Date "2010.02.21"]
[Round "7.1"]
[White "Hector, Jonny"]
[Black "Antonsen, Mikkel"]
[Result "1-0"]
[WhiteElo "2572"]
[BlackElo "2439"]
[PlyCount "47"]
[EventDate "2009.11.07"]
[EventType "team-tourn"]
[EventRounds "9"]
[WhiteTeam "Nordkalotten"]
[BlackTeam "Naestved"]
[WhiteTeamCountry "DEN"]
[BlackTeamCountry "DEN"]

1. e4 e5 2. Nf3 Nc6 3. Bc4 Bc5 4. b4 Bxb4 5. c3 Ba5 6. d4 d6 7. Qb3 Qd7 8. Nbd2
Nh6 9. dxe5 Nxe5 10. Nxe5 dxe5 11. Ba3 c6 12. O-O-O b5 13. Nf3 Qb7 14. Rd5 f6
15. Rxb5 Bb6 16. Nxe5 Qc7 17. Nxc6 Bd7 18. Ne7 Qf4+ 19. Kb1 Bd8 20. Nf5 Qxe4+
21. Ka1 Bxf5 22. Bd5 Qe2 23. Bxa8 Be6 24. Bd5 1-0

[Event "XtraCon-Skakligaen"]
[Site "Denmark"]
[Date "2010.02.21"]
[Round "7.2"]
[White "Jorgensen, Brian Jorgen"]
[Black "Ahlander, Bjorn"]
[Result "0-1"]
[WhiteElo "2267"]
[BlackElo "2419"]
[PlyCount "96"]
[EventDate "2009.11.07"]
[EventType "team-tourn"]
[EventRounds "9"]
[WhiteTeam "Naestved"]
[BlackTeam "Nordkalotten"]
[WhiteTeamCountry "DEN"]
[BlackTeamCountry "DEN"]

1. d4 Nf6 2. Nf3 e6 3. Bf4 Be7 4. h3 c5 5. e3 O-O 6. Nbd2 b6 7. c3 d6 8. Bd3
Ba6 9. Bxa6 Nxa6 10. Qe2 Nc7 11. e4 cxd4 12. cxd4 d5 13. e5 Nd7 14. O-O b5 15.
Rac1 Nb6 16. Nb3 a5 17. Nc5 h6 18. b3 Qe8 19. Nh2 b4 20. Ng4 Nb5 21. Qd2 h5 22.
Nh2 Nc3 23. a4 Bxc5 24. dxc5 Nd7 25. Rxc3 bxc3 26. Qxc3 Qe7 27. Be3 Rfc8 28.
Rc1 Nb8 29. Nf3 Nc6 30. Bf4 Rab8 31. Ng5 Rb4 32. Bd2 g6 33. Qe3 Rb7 34. Nf3
Rcb8 35. Nd4 Nxd4 36. Qxd4 Rxb3 37. Bxa5 Rb1 38. Rxb1 Rxb1+ 39. Kh2 Rc1 40. Bb6
Rc4 41. Qd1 Qh4 42. Qf3 Rxa4 43. c6 Qf4+ 44. Qxf4 Rxf4 45. c7 Rc4 46. g4 hxg4
47. hxg4 Kf8 48. Kg3 Ke8 0-1

[Event "XtraCon-Skakligaen"]
[Site "Denmark"]
[Date "2010.02.21"]
[Round "7.3"]
[White "Hove, Esben Kjems"]
[Black "Olsen, Nils Linde"]
[Result "0-1"]
[WhiteElo "2269"]
[BlackElo "2256"]
[PlyCount "158"]
[EventDate "2009.11.07"]
[EventType "team-tourn"]
[EventRounds "9"]
[WhiteTeam "Nordkalotten"]
[BlackTeam "Naestved"]
[WhiteTeamCountry "DEN"]
[BlackTeamCountry "DEN"]

1. d4 d5 2. c4 c6 3. Nc3 Nf6 4. Nf3 Qa5 5. cxd5 cxd5 6. Bf4 e6 7. a3 Ne4 8. Qc1
Nc6 9. b4 Qb6 10. Na4 Qd8 11. Nc5 Bxc5 12. dxc5 O-O 13. e3 Qf6 14. Bg3 e5 15.
Qb2 Re8 16. Be2 d4 17. O-O dxe3 18. fxe3 Qh6 19. Qc1 Nxg3 20. hxg3 e4 21. Nd4
Ne5 22. Rf4 Nd3 23. Bxd3 exd3 24. Qc4 Qg6 25. Raf1 Re7 26. e4 d2 27. Qd3 Bd7
28. Qxd2 Qxg3 29. R1f3 Qg6 30. Nf5 Bxf5 31. exf5 Qf6 32. Qd4 Re5 33. Re4 Rxe4
34. Qxe4 Rd8 35. Rd3 h6 36. Rxd8+ Qxd8 37. Kh2 Qc7+ 38. Kh3 Qd7 39. Kg3 a6 40.
Kf2 Qd2+ 41. Kg3 Qd7 42. f6 g5 43. Qe7 Qd5 44. a4 Kh7 45. b5 axb5 46. axb5 Kg6
47. Kh2 h5 48. c6 bxc6 49. b6 Qd4 50. b7 Qf4+ 51. Kg1 g4 52. Qc5 g3 53. Qc2+
Kh6 54. Qd1 c5 55. Qf3 Qc1+ 56. Qf1 Qe3+ 57. Kh1 Qb3 58. Qe1 h4 59. Qc1+ Kg6
60. Qxc5 Qb1+ 61. Qg1 Qxb7 62. Qe1 Kxf6 63. Qc3+ Kg6 64. Qd3+ f5 65. Qd6+ Kg5
66. Qd8+ Kg4 67. Qb6 Qe4 68. Qd4 h3 69. Qg7+ Kf4 70. Qh6+ Ke5 71. Qg7+ Kd5 72.
Qg8+ Kd4 73. Qd8+ Ke3 74. Qb6+ Qd4 75. Qe6+ Qe4 76. Qb6+ Kd2 77. Qb2+ Ke1 78.
Qc3+ Kf1 79. Qd3+ Qxd3 0-1